Vocabulaire d'allemand #3 - Statistiques

Statistiques générales
  • Ce quiz a été pris 71 fois
    59 depuis la dernière actualisation
  • Le résultat moyen est 11 sur 44
Statistiques - réponses
Français Allemand % Correct
le travail die Arbeit
94%
les travails die Arbeiten
94%
aller gehen
75%
venir kommen
75%
aider helfen
69%
l'aide die Hilfe
56%
malade krank
56%
la peur die Angst
50%
les peurs die Ängste
50%
pauvre arm
44%
espérer hoffen
44%
le chômage die Arbeitslosigkeit
38%
la maladie die Krankheit
38%
les maladies die Krankheiten
38%
le chômeur der Arbeitslose
31%
les chômeurs die Arbeitslosen
31%
être au chômage arbeitslos sein
25%
l'espoir die Hoffnung
25%
le congé der Urlaub
19%
les espoirs die Hoffnungen
19%
les congés die Urlaube
19%
craintif ängstlich
13%
la pauvreté die Armut
13%
la solitude die Einsamkeit
13%
la frustration die Frustration
13%
seul einsam
13%
les frustrations die Frustrationen
6%
la dette die Schulden
6%
frustrant frustrierend
6%
être sans espoir hoffnungslos
6%
être plein d'espoir hoffnungsvoll
6%
passer la nuit übernachten
6%
la détresse die Hilfslosigkeit
0%
le désespoir die Hoffnungslosigkeit
0%
la nuitée die Übernachtung
0%
les nuitées die Übernachtungen
0%
les environs (singulier) die Umgebung
0%
les environs (pluriel) die Umgebungen
0%
le logement die Unterkunft
0%
les logements die Unterkünfte
0%
la cause die Ursache
0%
les causes die Ursachen
0%
serviable hilfreich
0%
être sans défense hilfslos
0%
Aucun quiz correspondant
Distribution des résultats
% des personnes avec chaque résultat
Percentile par nombre de réponses
Votre historique - résultats
Vous n’avez pas pris ce quiz depuis la dernière actualisation